Statistics for R Answers Quiz #1

Click here to take the quiz!

General Stats

  • This quiz has been taken 39,475 times
    (16,539 since last reset)
  • The average score is 17 of 24

Answer Stats

Clue Answer % Correct
Biggest country by land areaRussia
99%
Opposite of urbanRural
95%
"The Eternal City"Rome
91%
Islamic month of fastingRamadan
90%
First name of drummer StarrRingo
89%
Musical genre of JamaicaReggae
88%
River of Düsseldorf and CologneRhine
76%
Site of a 1994 genocideRwanda
76%
First name of author DahlRoald
75%
Italian painter or Ninja TurtleRaphael
75%
French word for streetRue
73%
Brazil's leading World Cup goalscorerRonaldo
71%
Second largest city in the NetherlandsRotterdam
71%
Woman's name or an herb used in cookingRosemary
70%
Capital of Saudi ArabiaRiyadh
70%
Spanish word for riverRío
66%
Singer who has sold the most digital singlesRihanna
66%
Discussion forum. World's 8th busiest websiteReddit
60%
Batman villain portrayed by Jim CarreyRiddler
60%
Capital of the Confederate StatesRichmond
56%
Wade's legal opponentRoe
50%
Hammerstein's songwriting partnerRodgers
46%
The state university of New JerseyRutgers
34%
Thom Yorke's bandRadiohead
34%

Score Distribution

Percentile by Number Answered

Percent of People with Each Score

Your Score History

You have not taken this quiz since the last reset